| 000 | 01388cam a22004214i 4500 | ||
|---|---|---|---|
| 003 | PE-LiUPU | ||
| 005 | 20250731173114.0 | ||
| 008 | 150623s1962 ag a r 000 0 spa d | ||
| 035 | _a(Sirsi) a25139 | ||
| 040 |
_aPE-LiUPU _bspa _cPE-LiUPU _erda |
||
| 082 | 0 | 4 |
_a220.8 _bB2:3:4 _221 |
| 245 | 0 | 3 | _aLa Biblia. |
| 264 | 1 |
_aBuenos Aires : _bCodex, _c1962. |
|
| 300 |
_apáginas varia : _bilustraciones, gráficos ; _c31 centímetros |
||
| 336 |
_atext _2rdacontent |
||
| 337 |
_aunmediated _2rdamedia |
||
| 338 |
_avolume _2rdacarrier |
||
| 500 | _aT.2 del vol -- 17 al 20; t3. del vol 21 al 30; t.4 del vol 31 al 34. | ||
| 505 | 0 | _aLa Biblia. | |
| 526 | _aSEG42 | ||
| 526 | _aSEG41 | ||
| 526 | _aSEG40 | ||
| 526 | _aSEG39 | ||
| 526 | _aP94 | ||
| 526 | _aP87 | ||
| 526 | _aP86 | ||
| 526 | _aP85 | ||
| 526 | _aP77 | ||
| 526 | _aP76 | ||
| 526 | _aP35 | ||
| 630 |
_aBiblia. _pA.T. _xReferencias. |
||
| 700 | 1 | _aSegura, Ernesto. | |
| 942 |
_2ddc _cBOOK |
||
| 949 |
_a220.8 B2:3:4 _wDEWEY _c1 _i50004 _lCCODEBUL1 _mBUL _p25.00 _r0 _sY _tBOOK _u2015-06-24 _xTEOLOGIA _PP35 _0COMPRA _o.STAFF. Colección Teología |
||
| 596 | _a1 | ||
| 999 |
_a220.8 B2:3:4 _wDEWEY _c30796 _i50004 _d30796 _f2021-11-9 _g5 _lCCODEBUL1 _mBUL _p25.00 _q2 _r1 _sY _tBOOK _u2015-6-24 _xTEOLOGIA _PP35 _0COMPRA _o.STAFF. Colección Teología |
||
| 980 |
_81 _gALBERTO SANCHEZ Responsable de Automatización |
||